00489nam a2200121Ia 4500008004000000020001800040082001600058100000600074245010100080260003700181300001100218650013800229210210b2000 xxu||||| |||| 00| 0 eng d a81 86114 76 9 a378.34 DIRE a- aDirectory of national & international scholarships for postgraduates research scholars teachers. aNDbStudent aid Publishersc2000 aA-B161 aScholarships National scholarships International scholarships Postgraduates scholarships Research scholarships Teachers scholars